MARC

LEADER 00000nam0a2200000 4500
001 372230
005 20231102012445.0
035 |a (RuTPU)RU\TPU\retro\29651 
035 |a RU\TPU\book\304515 
090 |a 372230 
100 |a 20221214d1963 k y0rusy50 ca 
101 0 |a rus 
102 |a RU 
105 |a a z 001zy 
200 1 |a Закономерности угленакопления на территории Западного Донбасса  |f Донецкий научно-исследовательский угольный институт ; под ред. Т. И. Королевой 
210 |a Москва  |c Научно-техническое изд-во  |d 1963 
215 |a 452 с.  |c ил. 
320 |a Библиогр.: с. 438-450. 
606 1 |a Топливные ресурсы  |x Геология  |2 stltpush  |3 (RuTPU)RU\TPU\subj\60951  |9 78170 
610 1 |a Донбасс 
610 1 |a угленакопление 
610 1 |a угленосные отложения 
610 1 |a история 
610 1 |a стратиграфия 
610 1 |a литолого-фациальная характеристика 
610 1 |a угленосность 
610 1 |a тектоника 
610 1 |a вулканизм 
610 1 |a химико-технологические процессы 
675 |a 553.9  |v 3 
702 1 |a Королева  |b Т. И.  |4 340 
712 0 2 |a Донецкий научно-исследовательский угольный институт  |2 stltpush  |3 (RuTPU)RU\TPU\col\20312  |9 27717 
801 1 |a RU  |b 63413507  |c 20150115 
801 2 |a RU  |b 63413507  |c 20221214  |g RCR 
942 |c BK